| 000 | 00937nam a22002777a 4500 | ||
|---|---|---|---|
| 999 |
_c5793 _d5793 |
||
| 003 | OSt | ||
| 005 | 20251111155855.0 | ||
| 008 | 251111b ||||| |||| 00| 0 eng d | ||
| 020 | _a9780823446506 | ||
| 040 | _cKH8 | ||
| 082 | 0 | 0 | _a813.6 BAG |
| 100 | 1 |
_aBagley, Jessixa _eauthor _eillustrator |
|
| 245 | 1 | 0 |
_aDaisy _cJessixa Bagley |
| 250 | _aFirst edition | ||
| 264 | 1 |
_aNew York _bHoliday House _c2021 |
|
| 300 |
_a36 pages _bcolor illustrations _c23 cm x 26 cm |
||
| 520 | _aBecause she is teased at school, Daisy hangs her head a lot, which leads to a new hobby of collecting lost and broken items and to a real treasure--a new friend. | ||
| 521 |
_aAges 4 to 8. _bHoliday House. |
||
| 521 |
_aGrades K-1. _bHoliday House. |
||
| 650 | 1 |
_aTeasing _vFiction |
|
| 650 | 1 |
_aCollectors and collecting _vFiction |
|
| 650 | 1 |
_aFriendship _vFiction |
|
| 650 | 1 |
_aWarthogs _vFiction |
|
| 650 | 1 |
_aAnimals _vFiction |
|
| 942 |
_2ddc _cFIC |
||